| 000 | 01252nam a22001937a 4500 | ||
|---|---|---|---|
| 003 | OSt | ||
| 005 | 20250619104325.0 | ||
| 008 | 230517b |||||||| |||| 00| 0 eng d | ||
| 020 | _a9788467051537 | ||
| 020 | _a9789584271112 | ||
| 040 |
_aCO-JMCR _bspa _cCO-JMCR |
||
| 041 | 1 |
_aspa _heng |
|
| 082 |
_aA-N _bCHRc |
||
| 100 | 1 |
_aChristie, Agatha, _eautora _942190 |
|
| 245 | 1 | 0 |
_aCinco cerditos / _cAgatha Christie |
| 520 | _aDieciséis años atrás, Caroline Crale fue condenada por asesinar a su esposo, el pintor Amyas Crale, cuando éste estaba a punto de abandonarla por una mujer más joven, Tras morir en prisión, Caroline dejó una carta a su hija de cinco años, Carla, reafirmando su inocencia. Ahora Carla sabe que necesita la ayuda del mejor detective del mundo para volver al pasado y hallar al verdadero asesino. Hércules Poirot someterá a sus peculiares interrogatorios a cinco sospechosos: Elsa Greer, la última amante del difunto; Angela, la hermanastra de Caroline; la señorita Williams, la institutriz; y los hermanos Blake, uno de ellos agente de bolsa y el otro aficionado a la botánica. Cinco sólidas coartadas pero una de ellas es mentira. ¿Quién será el asesino? | ||
| 546 | _aTraducido del inglés | ||
| 942 |
_2ddc _cBK |
||
| 999 |
_c30024 _d16408 |
||